| 000 | 00823nam a22002297a 4500 | ||
|---|---|---|---|
| 005 | 20090202142935.0 | ||
| 008 | 090202t xxu||||| |||| 00| 0 eng d | ||
| 010 | _aENG-92755 | ||
| 020 |
_c75.00 _a9788190636926 |
||
| 035 | _aEN-76288 | ||
| 037 | _bDBAD / PUB | ||
| 040 |
_adpl _bEnglish |
||
| 082 | _a530 | ||
| 100 | _aAzhagiri, S. | ||
| 245 |
_aA text book of allied physics: _cbyS. Azhagiri _bpaper II second/fourth semester (Universtiy of Madras) / |
||
| 260 |
_aChennai _bSAMS Publishers _c2008 |
||
| 270 |
_aNo. 10, Annapoorna Flats, Nanganallur, _bChennai _e61 |
||
| 300 |
_a155p. _c23cm (pbk) |
||
| 650 | _aPhysics. | ||
| 942 |
_2ddc _cEN _mAZH _h530 |
||
| 999 |
_c22857 _d22857 |
||